000 00344nam a2200169Ia 4500
003 0STCL
008 150530s9999 xx 000 0 und d
040 _aSTCL
_cSTCL
100 _aRaja, K.K.
245 _aHarshanjali
260 _c0
300 _a0
546 _aMalayalam
942 _2ddc
_cBK
999 _c46603
_d46603
005 20220125170711.0